Structured COBOL Programming and Problem Solving
Salvato in:
| Autore principale: | |
|---|---|
| Altri autori: | |
| Natura: | Libro |
| Lingua: | inglese |
| Pubblicazione: |
St. Louis
Times Mirror/Mosby College Pub.
1988
|
| Edizione: | 1. ed. |
| Soggetti: | |
| Tags: |
Nessun Tag, puoi essere il primo ad aggiungerne!!
|
MARC
| LEADER | 00000nam a2200000 4500 | ||
|---|---|---|---|
| 001 | c000333 | ||
| 005 | 20221219121225.1 | ||
| 020 | |a 0-8016-1662-X | ||
| 041 | 0 | |a eng | |
| 044 | |a US | ||
| 245 | 1 | 0 | |a Structured COBOL |b Programming and Problem Solving |c Patrick J. Fenton, Brian K. Williams |
| 250 | |a 1. ed. | ||
| 264 | 1 | |a St. Louis |b Times Mirror/Mosby College Pub. |c 1988 | |
| 300 | |a 724 s. | ||
| 610 | 2 | 0 | |a jazyky programovacie |
| 610 | 2 | 0 | |a COBOL |
| 610 | 2 | 0 | |a programovanie |
| 100 | 1 | |a Fenton, Patrick J. | |
| 700 | 1 | |a Williams, Brian K. | |